ஆரம்பக் கல்வியில் செயற்திறன்/

Saved in:
Bibliographic Details
Main Author: நல்லையா,நிா்மலாதேவி
Format: Book
Language:English
Tamil
Published: கொழும்பு: குமரன் புத்தக இல்லம், 2025.
Subjects:
Tags: Add Tag
No Tags, Be the first to tag this record!

MARC

LEADER 00000nam a22000007a 4500
005 20260408145037.0
008 260408b |||||||| |||| 00| 0 eng d
020 |a 9789556592801 
041 |a tam 
082 |a 372  |b நல்லை 
100 |a நல்லையா,நிா்மலாதேவி  |9 117042 
245 |a ஆரம்பக் கல்வியில் செயற்திறன்/  |c நிா்மலாதேவி நல்லையா 
260 |a கொழும்பு:  |b குமரன் புத்தக இல்லம்,  |c 2025. 
300 |a XI;126பக்  |c 21.6cm 
500 |a Purchase 
650 |a ஆரம்பக் கல்வி  |9 101016 
942 |c REF 
999 |c 71109  |d 71109